1871 1857 1403 1598 1271 1342 1785 1466 1944 1725 1078 1357 1035 1878 1718 1280 1134 1381 1484 1722 1971 1069 1558 1768 1309 1821 1188 1260 1855 1468 1381 1160 1887 1053 1522 1127 1840 1248 1733 1899 1509 1429 1897 1922 1828 1323 1139 1725 1026 1397 1554 1041 1721 1792 1305 1495 1409 1511 1614 1057 1824 1650 1864 1989 1153 1438 1910 1102 1769 1083 1584 1888 1502 1299 1833 1557 1736 1619 1582 1490 1994 1443 1407 1534 1439 1249 1196 1015 1536 1814 1671 1023 1577 1006 1250 1894 1424 1147 1883 BCNSPRNW ULIB Ver.6.0+V

เปลี่ยนเป็นภาษาไทย

Change to English
 แสดงรายละเอียดบรรณานุกรม
  กลับหน้าหลัก

Brief Record : Get Marc (ISO 2709) : E-mail record : QR code < ปิดหน้าต่าง
LEADER : 00000nam 2200000uu 4500
001    13399108973
003     ULIB
008    110315s2551||||th 000 0 tha d
060  4 WQ200^bบ783ภ 2551
100 0  เบญจมาภรณ์ นาคามดี
245 00 โภชนาการกับการตั้งครรภ์/^cภัทรา เจดีย์ศรี
260    พิษณุโลก:^bวิทยาลัยพยาบาลบรมราชชนี พุทธชินราช,^c2551
300    97 หน้า
650  7 โภชนาการในสตรีตั้งครรภ์
650  7 โภชนาการกับการตั้งครรภ์
650  7 อาหาร^xตั้งครรภ์
710 1  สถาบันพระบรมราชชนก^bวิทยาลัยพยาบาลบรมราชชนี พุทธชินราช
945    ^p0^l0^i023392
995    ทศพร
999 ^a ใช้งานได้ทุกระบบ
รายการนี้ยังไม่มีแท็ก
คุณยังไม่ได้ล็อกอิน คุณสามารถมีกิจกรรมร่วมกับเว็บไซต์ได้ แต่ต้องล็อกอินก่อน ::
  ล็อกอิน

รายการสื่อสารสนเทศ

ลำดับที่ ประเภท เลขเรียก/บาร์โค้ด สถานที่ สถานะ
- ไม่พบข้อมูล -

BibComment


ยังไม่เคยถูกคอมเมนท์

คอมเมนท์ทรัพยากรรายการนี้
  คอมเมนท์: โภชนาการกับการตั้..


 Copyright 2026. Bcnsprnw @Library